| 000 | 00631nam a2200193Ia 4500 | ||
|---|---|---|---|
| 008 | 190412s9999 xx 000 0 und d | ||
| 100 | _aZhongxuan Lin, Liu YAng, & Zhi'an Zhang | ||
| 245 | _aTo include, or not to include, that is the question: Disability digital inclusion and exclusion in China / | ||
| 245 | _cZhongxuan Lin, Liu YAng, & Zhi'an Zhang | ||
| 260 | _bSage | ||
| 260 | _c2018 | ||
| 300 | _apages 4436-4452, December 2018 | ||
| 440 |
_aNew Media & Society _v20 (12) |
||
| 650 | _aDigital Divide | ||
| 650 | _aDigital Inclusion | ||
| 650 | _aDisability | ||
| 650 | _aMEDIA & SOCIETY | ||
| 942 |
_2lcc _cSE |
||
| 999 |
_c361397 _d361397 |
||